QCM : Trouvez l'orthographe correcte (pays et montagnes) - Statistiques

Statistiques générales
  • Ce quiz a été pris 392 fois
    367 depuis la dernière actualisation
  • Le résultat moyen est 9 sur 12
Statistiques - réponses
Question Réponse % Correct
Cochez l'orthographe correcte du pays : Mauritanie
100%
Cochez l'orthographe correcte du pays : Turkménistan
100%
Cochez l'orthographe correcte du pays : Érythrée
97%
Cochez l'orthographe correcte du pays : Malawi
97%
Cochez l'orthographe correcte du pays : Mozambique
97%
Cochez l'orthographe correcte du plus haut sommet du monde : Everest
94%
Cochez l'orthographe correcte de la chaîne de montagne : Himalaya
84%
Cochez l'orthographe correcte du pays : Philippines
69%
Cochez l'orthographe correcte du plus haut sommet d'Afrique : Kilimandjaro
63%
Cochez l'orthographe correcte de la chaîne de montagne : Pyrénées
59%
Cochez l'orthographe correcte du pays : 1 : Liechtenstein
56%
Cochez l'orthographe correcte du pays : 5 : Réponses 2 et 4
16%
Aucun quiz correspondant
Distribution des résultats
% des personnes avec chaque résultat
Percentile par nombre de réponses
Votre historique - résultats
Vous n’avez pas pris ce quiz depuis la dernière actualisation